000 00492nam a2200181Ia 4500
001 24653
005 20260414151058.0
008 260414t2019||||xx |||||||||||||| ||spa||
041 _aESP
082 _a345.721
_bG23
100 _aGarcía Long, Sergío
_eAUT
245 0 _aDerecho de arbitraje :
_bestudios en homenaje a la Facultad de Derecho PUCP en su centenario
260 _c2019
300 _a431 páginas :
_c24 cm.
650 _aDER
654 _aCDE
942 _cLIB
_dJUS
_fJUS
_2ddc
_n
999 _c24653
_d24653